000 00215nam a2200097Ia 4500
008 240331s9999 xx 000 0 und d
082 _bJay
100 _aJayawardena,K
245 0 _aSokkan lokkan wuu wagayi
942 _cL
999 _c5061
_d5061